000
00307nam a2200121Ia 4500
008
190216s9999||||xx |||||||||||||| ||und||
100
_a
Frank Ayres Jr
245
0
_a
Theory And Problems In Matrices
250
_a
3rd Ed.
260
_b
Tata Mcgrawhill Publishers
_c
1977
650
_a
Mathematics
942
_c
BK
999
_c
30639
_d
30639